| 000 | 00884nas a2200265 i 4500 | ||
|---|---|---|---|
| 001 | 2404 | ||
| 003 | ES-MaACL | ||
| 005 | 20250217134624.0 | ||
| 007 | t| | ||
| 008 | 950801c1877 gw q| | 1 ||er d | ||
| 080 | _a430 | ||
| 245 | 0 | 0 |
_aZeitschrift für romanische Philologie / _cherausgegeben von Gustav Gröber. |
| 260 |
_aHalle, Saale : _bMax Niemeyer, _c1877- ( _fDruck von Karras) |
||
| 300 |
_a54 v. ; _c24 cm. |
||
| 310 | _aTrimestral | ||
| 362 | 0 | _aT.1 (1877 )- T.64 (1944) ; T. 65.(1949 )- | |
| 500 | _aNo se publicó en 1920. | ||
| 650 | 1 | 4 |
_aLingüística. Filología. _914477 |
| 700 | 1 |
_aGröber, Gustav, _edir. _9194480 |
|
| 700 | 1 |
_aHoepffner, Ernest K., _edir. _9227639 |
|
| 700 | 1 |
_aHilka, Alfons, _edir. _9194482 |
|
| 852 |
_aES-MaACL _jHem-116 |
||
| 866 | 0 | _o1878-92,1894-1901,1903-14,1919.1921-34(1935f.n.3-4)1936-39,1943(1944). | |
| 999 |
_c2404 _d2404 |
||